| 000 | 00929nam a2200337Ia 4500 | ||
|---|---|---|---|
| 008 | 160803s9999 xx 000 0 und d | ||
| 020 | _a978-0545150590 | ||
| 100 | _aStilton, Thea. | ||
| 245 | _aThea Stilton and the ghost of the shipwreck / | ||
| 245 | _c[text by Thea Stilton]. | ||
| 260 | _aNew York : | ||
| 260 | _bScholastic Inc. | ||
| 260 | _c2007 | ||
| 300 | _a157 pages : | ||
| 300 | _bcolor illustrations ; | ||
| 300 | _c20 cm. | ||
| 440 | _aThea Stilton ; | ||
| 440 | _vbk. 1 | ||
| 500 | _a"English translation ... by Atlantyca S.p.A."--Title page verso. | ||
| 650 | _aMice -- | ||
| 650 | _aMissing persons -- | ||
| 650 | _aShipwrecks -- | ||
| 650 | _aStilton, Geronimo -- | ||
| 650 | _aTeachers -- | ||
| 650 | _xJuvenile fiction. | ||
| 650 | _xJuvenile fiction. | ||
| 650 | _xJuvenile fiction. | ||
| 650 | _xJuvenile fiction. | ||
| 650 | _xJuvenile fiction. | ||
| 700 | _a700 | ||
| 999 |
_c298251 _d298251 |
||